<?xml version="1.0" encoding="UTF-8"?>
<collection xmlns="http://www.loc.gov/MARC21/slim">
 <record>
  <leader>00808nam a2200169 a 4500</leader>
  <controlfield tag="001">1/53295</controlfield>
  <controlfield tag="008">210819s1995    gr            000 | gre d</controlfield>
  <datafield tag="040" ind1=" " ind2=" ">
   <subfield code="a">GR-PeUP</subfield>
  </datafield>
  <datafield tag="082" ind1="0" ind2="0">
   <subfield code="a">370.115 ΚΩΣ</subfield>
  </datafield>
  <datafield tag="100" ind1="1" ind2=" ">
   <subfield code="a">Κωστόπουλος, Αριστοτέλης Χρ.</subfield>
  </datafield>
  <datafield tag="245" ind1="0" ind2="0">
   <subfield code="a">Επεξεργασία στην κοινωνική και πολιτική αγωγή :</subfield>
   <subfield code="b">ΣΤ´ Δημοτικού /</subfield>
   <subfield code="c">Αριστοτέλης Χρ. Κωστόπουλος. </subfield>
  </datafield>
  <datafield tag="260" ind1=" " ind2=" ">
   <subfield code="a">Αθήνα :</subfield>
   <subfield code="b">Νικόδημος,</subfield>
   <subfield code="c">1995.</subfield>
  </datafield>
  <datafield tag="300" ind1=" " ind2=" ">
   <subfield code="a">187 σ. : </subfield>
   <subfield code="b">εικ. ;</subfield>
   <subfield code="c">21 εκ. </subfield>
  </datafield>
  <datafield tag="650" ind1=" " ind2="4">
   <subfield code="a">Αγωγή του πολίτη</subfield>
   <subfield code="x">Σπουδή και διδασκαλία.</subfield>
  </datafield>
  <datafield tag="650" ind1=" " ind2="0">
   <subfield code="a">Civics</subfield>
   <subfield code="x">Study and teaching (Elementary).</subfield>
  </datafield>
  <datafield tag="852" ind1=" " ind2=" ">
   <subfield code="a">INST</subfield>
   <subfield code="b">UNIPILB</subfield>
   <subfield code="c">MAIN</subfield>
   <subfield code="e">20210819</subfield>
   <subfield code="h">370.115 ΚΩΣ</subfield>
   <subfield code="p">00184399</subfield>
   <subfield code="q">00184399</subfield>
   <subfield code="t">LOAN</subfield>
   <subfield code="y">0</subfield>
   <subfield code="4">1</subfield>
  </datafield>
  <datafield tag="960" ind1=" " ind2=" ">
   <subfield code="a">ΑΛΜΠΑΝΗ ΤΑΝΙΑ</subfield>
  </datafield>
 </record>
</collection>
